Truyện ngụ ngôn các dân tộc thiểu số Việt Nam

Truyện ngụ ngôn song ngữ của các dân tộc thiểu số Việt Nam như truyện ngụ ngôn của dân tộc Chăm, dân tộc Co Ho, dân tộc Mạ, dân tộc Mường, ...

Αποθηκεύτηκε σε:
Λεπτομέρειες βιβλιογραφικής εγγραφής
Κύριος συγγραφέας: Nguyễn, Xuân Kính
Μορφή: Βιβλίο
Γλώσσα:Undetermined
Έκδοση: Hà Nội Khoa học - Xã hội 2014
Θέματα:
Ετικέτες: Προσθήκη ετικέτας
Δεν υπάρχουν, Καταχωρήστε ετικέτα πρώτοι!
Thư viện lưu trữ: Trung tâm Học liệu Trường Đại học Cần Thơ
LEADER 00881nam a2200193Ia 4500
001 CTU_209810
008 210402s9999 xx 000 0 und d
082 |a 398.209597 
082 |b K312 
100 |a Nguyễn, Xuân Kính 
245 0 |a Truyện ngụ ngôn các dân tộc thiểu số Việt Nam 
245 0 |c Nguyễn Xuân Kính (Chủ biên) 
260 |a Hà Nội 
260 |b Khoa học - Xã hội 
260 |c 2014 
520 |a Truyện ngụ ngôn song ngữ của các dân tộc thiểu số Việt Nam như truyện ngụ ngôn của dân tộc Chăm, dân tộc Co Ho, dân tộc Mạ, dân tộc Mường, ... 
650 |a Văn học dân gian Việt Nam,Folk literature, Vietnamese 
904 |i Trần Thị Yến Nhi,Hải 
980 |a Trung tâm Học liệu Trường Đại học Cần Thơ